Formula One Cities - Sudden Death - Statistics

General Stats
  • This quiz has been taken 329 times
  • The average score is 12 of 29
Answers on the Grid
Answers color-coded by a green-red scale on the quiz's grid according to % correct below.
Abu Dhabi
Adelaide
Athens
Auckland
Austin
Baku
Bangkok
Barcelona
Beijing
Budapest
Buenos Aires
Cairo
Cape Town
Copenhagen
Detroit
Doha
Dubai
Glasgow
Helsinki
Indianapolis
Istanbul
Jeddah
Johannesburg
Krakow
Las Vegas
Lisbon
Long Beach
Madrid
Melbourne
Mexico City
Miami
Monaco
Montreal
Mumbai
Rio de Janeiro
Rome
Santiago
São Paulo
Sepang
Shanghai
Singapore
Sochi
Saint Petersburg
Tel Aviv
Toulouse
Valencia
Vancouver
Zurich
 
Answer Stats
Answer % Correct
Abu Dhabi
94%
Baku
77%
Austin
71%
Barcelona
71%
Monaco
51%
Las Vegas
49%
Budapest
47%
Miami
47%
Adelaide
46%
Melbourne
46%
Singapore
46%
Mexico City
44%
São Paulo
44%
Montreal
43%
Jeddah
42%
Shanghai
38%
Sochi
36%
Indianapolis
34%
Madrid
33%
Buenos Aires
32%
Istanbul
32%
Sepang
32%
Doha
30%
Valencia
27%
Detroit
26%
Long Beach
21%
Rio de Janeiro
18%
Lisbon
13%
Johannesburg
12%
No matching quizzes found
Score Distribution
Percent of People with Each Score
Percentile by Number Answered
Your Score History
You have not taken this quiz